000 00751nam a22001817a 4500
008 170228b xxu||||| |||| 00| 0 eng d
020 _a9780894980541
050 _aHA29
_b .H64 2004
245 _ahierarchical linear and nonlinear modeling /
_cStephen W. Raudenbush ... [and others]
246 _aHierarchical linear and nonlinear modeling
260 _a Lincolnwood, Ill. :
_bScientific Software Int. Incorporated,
_c2004
300 _a297 pages :
_billustrations ;
_c23 cm
500 _a Includes bibliographical references (pages 294-297) and index
650 _aSocial sciences
_xStatistical methods
650 _a Linear models (Statistics)
650 _aSocial sciences
_xComputer programs
942 _2lcc
_cBK
999 _c49024
_d49024